Statystyki dla Dopasuj miasto do Fotografii

Kliknij tutaj aby rozwiązać quiz!

Ogólne statystyki

  • Ten quiz został rozwiązany 27 razy
  • Średni wynik to 6 z 10

Statystyki odpowiedzi

Odpowiedź% Poprawnych
Warszawa
100%
Kraków
86%
Poznań
64%
Malbork
59%
Wrocław
59%
Gdynia
55%
Łodź
45%
Zamość
41%
Szczecin
27%
Białystok
23%

Rozkład punktacji

Percentyl według liczby udzielonych odpowiedzi

Procent ludzi z każdym wynikiem

Twoja historia wyników

Nie rozwiązałeś tego quizu